000 00495nam a22001697a 4500
005 20251108164051.0
008 250721s1997 xx 000 0 ara d
082 1 4 _a956/تار
100 1 _aعبود، مارون
_eتحقيق
245 1 0 _aتاريخ الأمير حيدر أحمد الشهابي /
264 1 _aبيروت :
_bنظير عبود،
_c1997.
300 _aج
650 1 7 _aالتاريخ الإسلامي
650 1 7 _aتاريخ لبنان
942 _2ddc
_cBK
999 _c2757
_d2757